「げ」で終わる駅名 - Statistics

General Stats
  • This quiz has been taken 73 times
  • The average score is 11 of 33
Answer Stats
都道府県 駅名 読み % Correct
愛知県 上ゲ あげ
71%
三重県 柘植 つげ
63%
千葉県 稲毛 いなげ
61%
東京都 上野毛 かみのげ
57%
鳥取県 郡家 こおげ
57%
高知県 半家 はげ
51%
三重県 河芸 かわげ
41%
愛知県 猿投 さなげ
41%
山形県 とうげ
41%
福島県 会津坂下 あいづばんげ
39%
岡山県 弓削 ゆげ
35%
大阪府 新家 しんげ
33%
北海道 御影 みかげ
33%
兵庫県 御影(阪急) みかげ
33%
兵庫県 御影(阪神) みかげ
33%
茨城県 石下 いしげ
31%
千葉県 京成稲毛 けいせいいなげ
31%
和歌山県 紀見峠 きみとうげ
29%
岩手県 有家 うげ
27%
広島県 上下 じょうげ
27%
東京都 小菅 こすげ
25%
鳥取県 東郡家 ひがしこおげ
25%
東京都 押上 おしあげ
22%
京都府 蹴上 けあげ
22%
愛知県 徳重 とくしげ
22%
山梨県 三つ峠 みつとうげ
22%
茨城県 南石下 みなみいしげ
20%
埼玉県 吹上 ふきあげ
18%
愛知県 吹上 ふきあげ
18%
岡山県 矢掛 やかげ
18%
茨城県 金上 かねあげ
16%
鳥取県 上菅 かみすげ
16%
静岡県 十国峠 じっこくとうげ
8%
No matching quizzes found
Score Distribution
Percent of People with Each Score
Percentile by Number Answered
Your Score History
You have not taken this quiz